[Event "Bugojno"]
[Site "Bugojno"]
[Date "1978.02.28"]
[Round "3"]
[White "Gligoric, Svetozar"]
[Black "Portisch, Lajos"]
[Result "0-1"]
[WhiteElo "2565"]
[BlackElo "2630"]
[Annotator "Bulletin"]
[PlyCount "82"]
[EventDate "1978.02.27"]
[EventType "tourn"]
[EventRounds "15"]
[EventCountry "YUG"]
[EventCategory "14"]
[SourceTitle "MCL"]
[Source "ChessBase"]
[SourceDate "1999.07.01"]
[SourceVersion "1"]
[SourceVersionDate "1999.07.01"]
[SourceQuality "1"]

1. d4 d5 2. c4 dxc4 3. Nf3 Nf6 4. e3 e6 5. Bxc4 c5 6. O-O a6 7. a4 Nc6 8. Qe2
cxd4 9. Rd1 Be7 10. exd4 O-O 11. Nc3 Nd5 $1 12. Bd3 (12. Qe4) (12. Bd2) 12...
Ncb4 13. Bb1 b6 (13... Nf6 14. Bg5 h6 15. Bh4 Bd7 16. Bxf6 Bxf6 17. Qe4 g6 18.
Qxb7 Rb8 19. Qe4 Bc6 20. Qe2 $14 {Gligoric-Korchnoi, Belgrade-Leningrad-m 1965}
) 14. a5 bxa5 $1 (14... Bd7 15. Ne5 bxa5 16. Ra3 f5 17. Nxd5 Nxd5 18. Nxd7 Qxd7
19. Rxa5 $16 {Gligoric-Portisch, YUG-HUN-m Pula 1971}) 15. Ne4 Bd7 16. Ne5 $6 (
16. Nc5 $5 Bb5 17. Qe4 Nf6 18. Qh4 Bxc5 19. Bg5 $13) 16... Bb5 17. Qh5 f5 $17
18. Nc3 Bf6 19. Nxb5 $6 (19. Ra3) 19... axb5 20. Ra3 Qe8 21. Qe2 a4 22. Rh3 Rc8
23. Bd2 Nc2 $1 $19 24. Qd3 Nxd4 25. Re1 (25. Qxd4 Rc4) 25... Nb3 26. g4 Bxe5
27. Rxe5 Nf6 $1 {/\28...Rd8} 28. Bc3 Nxg4 29. Rxb5 Qc6 30. Rb4 Nf6 $1 31. Rg3
Rc7 32. Qe2 Nc5 33. Qe5 Ncd7 34. Qe2 Kh8 35. Ba2 Re8 36. Bc4 e5 37. Bb5 Qe6 38.
Rxa4 f4 39. Rg5 h6 40. Rg6 Qf5 41. Rxf6 {*} gxf6 0-1

[Event "POL-ch 52nd"]
[Site "Warsaw"]
[Date "1995.??.??"]
[Round "3"]
[White "Czerwonski, Aleksander"]
[Black "Weglarz, Leszek"]
[Result "1/2-1/2"]
[WhiteElo "2370"]
[BlackElo "2365"]
[Annotator "Bulletin"]
[PlyCount "29"]
[EventDate "1995.02.11"]
[EventType "tourn"]
[EventRounds "17"]
[EventCountry "POL"]
[EventCategory "8"]
[SourceTitle "EXT 1999"]
[Source "ChessBase"]
[SourceDate "1998.11.16"]
[SourceVersion "1"]
[SourceVersionDate "1998.11.16"]
[SourceQuality "1"]

1. d4 d5 2. c4 e6 3. Nf3 dxc4 4. e3 c5 5. Bxc4 Nf6 6. O-O a6 7. a4 Nc6 8. Qe2
Qc7 9. Nc3 Be7 10. dxc5 Bxc5 11. e4 Ng4 12. g3 Nge5 13. Nxe5 Nxe5 14. Bf4 g5
15. Bxe5 (15. Bxg5 $4 Nxc4 16. Qxc4 Bxf2+ 17. Rxf2 Qxc4 $19) 1/2-1/2

[Event "POL-ch 52nd"]
[Site "Warsaw"]
[Date "1995.??.??"]
[Round "1"]
[White "Grabarczyk, Miroslaw"]
[Black "Weglarz, Leszek"]
[Result "1/2-1/2"]
[WhiteElo "2440"]
[BlackElo "2365"]
[Annotator "Bulletin"]
[PlyCount "73"]
[EventDate "1995.02.11"]
[EventType "tourn"]
[EventRounds "17"]
[EventCountry "POL"]
[EventCategory "8"]
[SourceTitle "EXT 1999"]
[Source "ChessBase"]
[SourceDate "1998.11.16"]
[SourceVersion "1"]
[SourceVersionDate "1998.11.16"]
[SourceQuality "1"]

1. d4 d5 2. c4 dxc4 3. Nf3 c5 4. e3 e6 5. Bxc4 a6 6. a4 Nf6 7. O-O Nc6 8. Qe2
Qc7 9. Nc3 Be7 10. Rd1 O-O 11. Bd2 b6 12. d5 exd5 13. Nxd5 Nxd5 14. Bxd5 Bb7
15. Bc3 Nd8 16. Ne5 Bd6 17. Nc4 $5 Bxh2+ 18. Kh1 Bxd5 19. Rxd5 Ne6 20. Nxb6 $1
(20. Qh5 b5) 20... Qxb6 21. Kxh2 Rfd8 22. Rad1 Rxd5 23. Rxd5 Qc6 24. Qd1 h6 25.
Rd6 Qe4 26. Qd5 Qxd5 27. Rxd5 Rd8 28. Rxd8+ Nxd8 29. Kg3 Ne6 30. Kg4 g6 31. Bf6
c4 32. Kf3 Nc5 33. Bd4 Nd3 34. e4 f5 35. exf5 gxf5 36. Ke3 Kf7 37. Bc3 1/2-1/2

[Event "London BBC TV"]
[Site "London"]
[Date "1976.??.??"]
[Round "1"]
[White "Miles, Anthony John"]
[Black "Clarke, Peter Hugh"]
[Result "1-0"]
[WhiteElo "2510"]
[BlackElo "2350"]
[Annotator "Bulletin"]
[PlyCount "59"]
[EventDate "1976.??.??"]
[EventType "k.o."]
[EventRounds "3"]
[EventCountry "ENG"]
[SourceTitle "EXT 1999"]
[Source "ChessBase"]
[SourceDate "1998.11.16"]
[SourceVersion "1"]
[SourceVersionDate "1998.11.16"]
[SourceQuality "1"]

1. d4 d5 2. c4 dxc4 3. Nf3 Nf6 4. e3 c5 5. Bxc4 e6 6. Nc3 a6 7. a4 cxd4 8. exd4
Be7 9. O-O Nc6 10. Re1 Nb4 11. Bg5 O-O 12. Ne5 Re8 13. Re3 $5 Bd7 (13... Nfd5
$6 14. Nxd5 Nxd5 15. Rh3 Bxg5 16. Qh5 h6 (16... Qf6 $6 17. Qxh7+ Kf8 18. Bxd5
$1 (18. Rf3 Bf4 19. g3 Bxe5 20. Rxf6 Bxf6 21. Rd1 Bd7 $17) 18... exd5 19. Re1
Re6 (19... Bxh3 20. Nd7+ Bxd7 21. Qh8#) (19... Be6 20. Nd7+ $1) 20. Qh8+ Ke7
21. Rc3 $1 $18) (16... Bh6 17. Rg3 $1 $16) 17. Qxf7+ Kh8 18. Ng6+ Kh7 19. Bd3
Nb4 20. Be4 $1 Nd5 (20... Qxd4 21. Nf8+ Kh8 22. Qxe8 Qxe4 23. Nxe6+ Kh7 24.
Nxg5#) 21. Ne5+ Kh8 22. Qg6 Nf6 (22... Kg8 23. Qh7+ Kf8 24. Qh8+ Ke7 25. Qxg7+
Kd6 26. Nf7+ $18) 23. Nf7+ Kg8 24. Rxh6 Bxh6 25. Nxh6+ Kh8 26. Nf7+ Kg8 27.
Nxd8 $18) 14. Qb3 a5 15. Bxf6 Bxf6 16. Nxd7 Qxd7 17. Bb5 Nc6 18. d5 $1 exd5 19.
Nxd5 Qd6 20. Rd1 Rxe3 21. Qxe3 Nb4 22. Nxf6+ Qxf6 23. Rd7 Qxb2 (23... Rd8 24.
Qe5 $1) 24. Qe7 h6 25. Qxf7+ Kh8 26. h4 Qa1+ 27. Kh2 b6 28. g3 Rc8 29. Re7 Qd4
30. Bd7 1-0

[Event "WchT 9th"]
[Site "Antalya"]
[Date "2013.12.02"]
[Round "6.2"]
[White "Korobov, Anton"]
[Black "Van Wely, Loek"]
[Result "0-1"]
[WhiteElo "2713"]
[BlackElo "2678"]
[Annotator "CB"]
[PlyCount "80"]
[EventDate "2013.11.26"]
[EventType "team-tourn"]
[EventRounds "9"]
[EventCountry "TUR"]
[SourceTitle "CBM 158"]
[Source "ChessBase"]
[SourceDate "2014.01.16"]
[SourceVersion "1"]
[SourceVersionDate "2014.01.16"]
[SourceQuality "1"]
[WhiteTeam "Ukraine"]
[BlackTeam "Netherlands"]
[WhiteTeamCountry "UKR"]
[BlackTeamCountry "NED"]

1. d4 Nf6 2. c4 e6 3. Nf3 d5 4. Nc3 dxc4 5. e3 a6 6. Bxc4 b5 7. Bb3 Bb7 8. O-O
c5 {Nach Zugumstellung ist die alte Hauptvariante des Angenommenen
Damengambits auf dem Brett.} 9. e4 {Eine aggressive Fortsetzung.} ({Der
Hauptzug ist} 9. Qe2 {und nun z.B.:} Nbd7 10. Rd1 Be7 11. e4 b4 12. e5 bxc3 13.
exf6 Nxf6 14. Ba4+ Kf8 15. bxc3 Qa5 16. Bb3 cxd4 17. Nxd4 Qh5 18. f3 e5 19. g4
Qh3 20. Qxe5 Bxf3 21. Nxf3 Qxf3 22. Qxe7+ {1-0 (22) Gareev,T (2613)-Van Wely,L
(2683) Los Angeles 2011}) 9... cxd4 (9... Nxe4 10. Nxe4 Bxe4 11. Re1 Bf5 12. d5
$16) 10. Nxd4 Nc6 ({Der Bauer e4 ist tabu:} 10... Nxe4 11. Nxe4 Bxe4 12. Re1
Bd5 (12... Bc6 13. Nxe6 (13. Qg4 Z0 14. Nxe6 $18) 13... Qxd1 14. Nxg7+ $18) 13.
Bxd5 Qxd5 14. Nxe6 Qxd1 15. Nxg7+ Kd8 16. Rxd1+ $18) 11. Be3 Be7 12. Nxc6 Bxc6
13. f3 (13. Qxd8+ Rxd8 14. f3 O-O 15. Rfd1 Rxd1+ 16. Rxd1 Rc8 17. Ne2 Kf8 18.
Kf2 Nd7 19. Nd4 Nc5 20. Nxc6 Rxc6 21. Bc2 Ke8 22. Ke2 Bf6 23. b3 Na4 24. bxa4
Rxc2+ 25. Rd2 Rxd2+ 26. Kxd2 bxa4 27. Kd3 Kd7 28. Kc4 Be5 29. h3 Bd6 30. g4 Kc6
31. Bd4 g6 32. Be3 Ba3 33. Bd4 Bd6 34. Be3 Ba3 35. Bd4 Bd6 36. Be3 Ba3 37. Bd4
{1/2-1/2 (38) Ponomariov,R (2727)-Wang Hao (2733) Sochi 2012}) 13... Qb8 (13...
O-O 14. Ne2 Bb7 15. Rc1 Rc8 16. Nf4 Rxc1 17. Qxc1 Qb8 18. Rf2 Rc8 19. Qd1 Rd8
20. Rd2 Rxd2 21. Qxd2 Bd6 22. g3 {1/2-1/2 (22) Khairullin,I (2617)-Ionov,S 
(2542) St Petersburg 2010}) 14. Rc1 O-O 15. Ne2 Bb7 16. Bf4 (16. Nd4 Rd8 17.
Qe2 Qe5 $11) 16... e5 17. Be3 a5 18. Ng3 g6 19. Qe2 a4 {Schwarz hat bequemen
Ausgleich erreicht.} 20. Bc2 Bc8 21. Bd3 Bd7 22. Rfd1 Rd8 23. Nf1 Nh5 {Der
Springer strebt nach d4.} 24. g3 Ng7 25. f4 Ne6 26. f5 Nd4 27. Qf2 Be8 28. h4
Ra6 29. Nh2 {Während der schwarze Springer auf d4 einen prächtigen Platz
eingenommen hat, ist sein Pendant bisher etwas ziellos herum geirrt. Nun
möchte er aber auf h6 aktiv werden.} Rad6 30. Ng4 ({Nach} 30. Bb1 {ist} Nxf5 {
noch stärker:} 31. Rxd6 Nxd6 32. Ng4 Nc4 $17) 30... Nxf5 31. exf5 Rxd3 32. Rf1
e4 {Öffnet den Weg der Dame nach g3.} 33. Nh6+ {Das wird taktisch widerlegt.
Der Sh6, der Le3 und Punkt g3 sind schwach.} ({Besser war} 33. Bf4 Bd6 (33...
Qa8 34. Be3 gxf5 35. Qxf5 Qd5 $11) 34. fxg6 Bxf4 35. Nf6+ Kh8 36. Qxf4 Rxg3+
37. Kh1 Rxg6 38. h5 Qxf4 39. Rxf4 Rh6 40. Kg2 {und Schwarz hat mit der
Realisierung seines Materialvorteils noch technische Probleme.}) 33... Kh8 34.
fxg6 hxg6 35. h5 (35. Rc3 b4 36. Rxd3 Rxd3 37. Re1 (37. Ng4 f5 38. Nh2 Bd6 $19)
37... f5 $19) 35... Rxe3 36. Qxe3 Rd3 37. Qf4 Rxg3+ 38. Kh1 Qxf4 39. Rxf4 Bg5
40. Nxf7+ Bxf7 (40... Bxf7 {und Weiß verliert weiteres Material.} 41. Rc8+ (
41. Rxf7 Bxc1 $19) 41... Kg7 42. Rxe4 Bd5 $19) 0-1

[Event "Vienna op"]
[Site "Vienna"]
[Date "1996.??.??"]
[Round "8"]
[White "Tkachiev, Vladislav"]
[Black "Gyimesi, Zoltan"]
[Result "1-0"]
[WhiteElo "2620"]
[BlackElo "2480"]
[Annotator "Chekhov,V"]
[PlyCount "53"]
[EventDate "1996.??.??"]
[EventType "swiss"]
[EventRounds "9"]
[EventCountry "AUT"]
[SourceTitle "CBM 053 Extra"]
[Source "ChessBase"]
[SourceDate "1996.09.01"]
[SourceVersion "1"]
[SourceVersionDate "1996.09.01"]
[SourceQuality "1"]

1. d4 d5 2. c4 dxc4 3. e3 c5 4. Bxc4 e6 5. Nf3 a6 6. Bb3 Nf6 7. O-O Nc6 (7...
Nbd7 8. e4 $1 Nxe4 9. Re1 Ndf6 10. Bc2 Qd5 11. Qe2 Nd6 12. Nc3 Qc6 13. Bf4 cxd4
14. Nxd4 Qc5 15. Rad1 $16 {Romanishin,O-Baburin,A/Linares/1996/1|0/25/}) 8. Qe2
cxd4 9. Rd1 Be7 (9... d3 10. Rxd3 Qc7 11. Nc3 Bc5 12. h3 O-O 13. e4 Nd7 14. Be3
Nce5 15. Nxe5 Nxe5 16. Bxc5 Qxc5 17. Rd2 b5 18. Rad1 Bb7 19. Kh1 $14 {Antunes,
A-Van Wely,L/Linares/1995/1|0/33/}) 10. exd4 O-O 11. a3 $5 (11. Nc3 Na5 (11...
Qa5 12. d5 exd5 13. Nxd5 Nxd5 14. Bxd5 Bf6 15. Bg5 $36 {Vaulin,A-Zakharov,A/St
Petersburg/1996/1|0/26/}) 12. Bc2 b5 13. Bg5 Bb7 14. Ne5 g6 15. Bh6 Re8 16. a3
Nh5 17. b4 Nc6 18. Be4 $16 {Lerner,K-Dokhoian,Y/Kharkov/1986/1|0/32/}) 11...
Qb6 12. Ba2 Rd8 13. Nc3 Nd5 (13... Nxd4 14. Rxd4 Rxd4 15. Be3 e5 (15... Bc5 16.
b4 $16) 16. Bxd4 exd4 17. Qxe7 $18) 14. Qe4 Nf6 15. Qc2 Bd7 (15... Nxd4 16.
Rxd4 Rxd4 17. Be3 e5 (17... Bc5 18. b4 $16) 18. Nxe5 $16) 16. Be3 Qc7 17. h3
Rac8 18. Rac1 Bd6 (18... Qa5 19. d5 exd5 20. Nxd5 Nxd5 21. Rxd5 Qc7 22. Ng5 $36
) (18... Be8 $5) 19. Ne4 Nd5 (19... Nxe4 20. Qxe4 Be7 (20... Qb8 21. Ng5 $36)
21. Bb1 $5 (21. Ng5 $5)) 20. Nfg5 f5 (20... h6 21. Nxd6 Qxd6 22. Qh7+ Kf8 23.
Qh8+ Ke7 24. Qxg7 hxg5 25. Bxg5+ Ke8 26. Bxd5 exd5 27. Re1+ (27. Rxc6 bxc6 (
27... Bxc6 28. Re1+ Kd7 29. Qxf7+ $18) (27... Rxc6 28. Re1+ Be6 29. Qg8+ Qf8
30. Qxf8+ Kxf8 31. Bxd8 $18) 28. Qg8+ Qf8 29. Re1+ Be6 30. Rxe6+ Kd7 (30...
fxe6 31. Qxe6+ $18) 31. Qxf8 Rxf8 32. Re7+ Kd6 33. Ra7 Ra8 $1 $132) 27... Be6
28. f4 Ne7 29. Rxc8 Rxc8 30. Bxe7 Kxe7 31. f5 $18) 21. Bxd5 $1 exd5 (21... fxe4
22. Qxe4 g6 (22... exd5 23. Qxh7+ Kf8 24. Qh8+ Ke7 25. Qxg7+ Ke8 26. Qf7#) 23.
Bxe6+ Bxe6 24. Qxe6+ Kg7 25. d5 $18) 22. Qb3 Bh2+ 23. Kh1 Rf8 (23... fxe4 24.
Qxd5+ Be6 25. Qxe6+ Kh8 26. Nf7+ Kg8 27. Nxd8+ $18) 24. Qxd5+ Kh8 25. Nf7+ Rxf7
26. Qxf7 fxe4 27. d5 1-0

[Event "Moscow5"]
[Site "Moscow"]
[Date "1995.??.??"]
[Round "6"]
[White "Guliev, Sarhan"]
[Black "Chekhov, Valery A"]
[Result "0-1"]
[WhiteElo "2470"]
[BlackElo "2500"]
[Annotator "Chekhov,V"]
[PlyCount "82"]
[EventDate "1995.??.??"]
[EventType "tourn"]
[EventRounds "11"]
[EventCountry "RUS"]
[EventCategory "10"]
[SourceTitle "CBM 049"]
[Source "ChessBase"]
[SourceDate "1995.12.01"]
[SourceVersion "1"]
[SourceVersionDate "1995.12.01"]
[SourceQuality "1"]

1. d4 d5 2. c4 dxc4 3. Nf3 a6 4. e3 Nf6 5. Bxc4 e6 6. O-O c5 7. Nc3 b5 8. Bd3
Bb7 9. dxc5 Bxc5 10. e4 Nbd7 11. Qe2 Qb8 $5 (11... b4 12. Na4 Be7 13. Bg5 h6
14. Bh4 Nh5 15. Bxe7 Qxe7 16. g3 O-O 17. Rac1 Qd8 18. Rfd1 $14 {Gomez,
J-Antunes,A/Candas/1992/1|0/54/}) (11... e5 12. Bg5 h6 13. Bh4 O-O 14. Rfd1 Qe7
15. Bc2 $14 {Sadler,M-Byrne,R/London/1991/0|1 33/}) (11... O-O $5) 12. Rb1 $6 {
N/} (12. Bg5 $5 O-O 13. Rac1 Bd6 14. Rfd1 Bf4 15. Bxf4 Qxf4 16. b4 Rac8 17. Qd2
Qb8 18. h3 Ne5 $10 {Smyslov,V-Beliavsky,A/Moscow/1988/0,5/42/}) 12... O-O 13.
Bg5 h6 14. Bh4 (14. Bxf6 Nxf6 15. e5 Bxf3 16. gxf3 Nh5 17. Qe4 g6 18. f4 Rd8
$15) 14... Nh5 15. Bc2 Ne5 16. Nxe5 Qxe5 17. Rbd1 Rac8 18. Kh1 b4 19. Na4 Ba7
$1 (19... Bd6 $2 20. f4 $1 Nxf4 21. Rxf4 Qxf4 22. Bg3 Qg5 23. Bxd6 Rfd8 24.
Bxb4) 20. Bd3 $1 (20. Rd7 $2 Bb8 21. Bg3 Nxg3+ 22. hxg3 Bc6 23. Rdd1 Bb5) 20...
Bb8 (20... Nf4 21. Bg3 $1 Nxe2 22. Bxe5 $13) 21. Bg3 Nxg3+ 22. hxg3 Qa5 23. b3
Rfd8 24. Bc4 (24. Qe3 $5) 24... Ba7 $15 25. Nb2 Rxd1 26. Rxd1 Rd8 27. Rxd8+ (
27. Nd3 $2 Bxe4 $1 28. Qxe4 Qh5+ $19) 27... Qxd8 28. Bd3 (28. Bxa6 Bxa6 29.
Qxa6 Bxf2 $17) (28. Nd3 a5 $22 29. Kh2 Qd4 $17) 28... Bd4 $1 29. Nd1 (29. Nc4
$2 Bxf2 $1) 29... Qg5 30. Kh2 (30. Bxa6 $4 Bxa6 31. Qxa6 Qh5+ $19) 30... Qc1
31. Bc2 $1 Qg5 32. Bd3 Qc5 $1 33. Kg1 (33. Bxa6 $4 Bxa6 34. Qxa6 Qh5+ $19)
33... a5 34. Qd2 $6 (34. Kf1 $5) 34... Kf8 35. Kf1 Ke7 36. Qc2 Qxc2 37. Bxc2
Ba6+ $19 38. Ke1 Kd6 39. f3 (39. Kd2 Bf1 $19) 39... Kc5 40. Nf2 Bxf2+ 41. Kxf2
Kd4 0-1

[Event "Dhaka"]
[Site "Dhaka"]
[Date "1995.??.??"]
[Round "8"]
[White "Gunawan, Ruben"]
[Black "Reefat, Bin Sattar"]
[Result "1-0"]
[WhiteElo "2430"]
[BlackElo "2430"]
[Annotator "Chekhov,V"]
[PlyCount "73"]
[EventDate "1995.??.??"]
[EventType "tourn"]
[EventRounds "13"]
[EventCountry "BAN"]
[EventCategory "9"]
[SourceTitle "CBM 048"]
[Source "ChessBase"]
[SourceDate "1995.10.01"]
[SourceVersion "1"]
[SourceVersionDate "1995.10.01"]
[SourceQuality "1"]

1. Nf3 d5 2. c4 dxc4 3. e3 Nf6 4. Bxc4 a6 5. d4 e6 6. a4 c5 7. O-O Nc6 8. Qe2
Qc7 9. Nc3 b6 10. Rd1 Bd6 11. h3 O-O 12. d5 exd5 13. Nxd5 (13. Bxd5 $143 Bb7
14. e4 Rae8 15. Bg5 $6 (15. Be3 Bf4 16. Bxf4 Qxf4 17. Bxc6 Bxc6 18. Qxa6 Nxe4
19. Nd5 Qf5 20. Qc4 Re6 $5 $15 {Vladimirov,E-Magerramov,E/Helsinki/1992/0,5/35/
}) 15... Nd4 16. Nxd4 Nxd5 17. Nxd5 Bxd5 18. Nf5 Rxe4 19. Qh5 f6 $1 20. Bh6 (
20. Rxd5 Bh2+ 21. Kh1 fxg5 22. g3 Qc6 $1) 20... Rfe8 $1 21. Bxg7 (21. Nxg7 R8e5
22. Nf5 Qd7 23. g4 Qe6 $17) 21... Bf7 22. Qh6 Bh2+ 23. Kh1 Bg6 24. Bxf6 Bxf5
25. g3 Re2 26. Qg5+ Bg6 27. Rf1 Bxg3 $19 {Morovic,F-Lautier,J/Las Palmas/1994/
0|1/27/}) 13... Nxd5 14. Bxd5 Bb7 15. e4 (15. b3 $6 Rad8 16. Bb2 Nd4 17. Nxd4
Bxd5 18. Nf5 Bh2+ 19. Kh1 Be5 $15 {Lobron,E-Huebner,R/Biel/1987/0,5/29/}) 15...
Rae8 16. Be3 Bf4 $5 (16... Bc8 $5 17. Qd2 Rd8 18. Bg5 Rd7 19. Nh4 Nd4 20. Ra3
Bb7 21. Bxb7 Qxb7 $15 {Holm,S-Radulov,I/Hamburg/1974/0|1/24/}) 17. Rac1 Re7 (
17... Bxe3 $143 18. Qxe3 Nb4 19. Bxb7 Qxb7 20. e5 Rd8 21. e6 $36) 18. Rd2 Rfe8
19. Rc3 $5 Bxe3 $6 (19... h6 $142 $5) 20. Rxe3 h6 21. Qd1 Nb4 $6 (21... Bc8
$142 $5 22. b3 Nb4 $132) 22. Bxb7 Qxb7 23. e5 Nc6 24. Rde2 $14 Qc7 (24... Qc8
25. Qd3 $5) 25. Qd5 Rd7 (25... Nb4 $142 $5 26. Qc4 Qc6 27. Nh4 Qd5 $1) 26. Qc4
Rd1+ 27. Kh2 Nb4 28. g3 Nd5 $6 (28... Re6 $142) 29. Re4 Qc6 $2 (29... Re6 $4
30. Qb3 $18) (29... Qd7 $142 $5) 30. Nd4 $1 $16 Qb7 (30... Qd7 31. e6 fxe6 32.
Nxe6 $40) 31. Nf5 Qc6 32. Qb3 Rc1 33. Qf3 Kf8 $6 (33... Ne7 $142 34. e6 f6 35.
Rd2 $16) 34. Nd6 Re7 35. Rf4 $1 $18 f6 36. exf6 Rxe2 37. fxg7+ 1-0

[Event "RUS-ch"]
[Site "Elista"]
[Date "1996.??.??"]
[Round "10"]
[White "Epishin, Vladimir"]
[Black "Shcherbakov, Ruslan"]
[Result "1/2-1/2"]
[WhiteElo "2645"]
[BlackElo "2565"]
[Annotator "Chekhov,V"]
[PlyCount "127"]
[EventDate "1996.10.15"]
[EventType "swiss"]
[EventRounds "11"]
[EventCountry "RUS"]
[SourceTitle "CBM 056"]
[Source "ChessBase"]
[SourceDate "1997.02.01"]
[SourceVersion "1"]
[SourceVersionDate "1997.02.01"]
[SourceQuality "1"]

1. d4 d5 2. c4 dxc4 3. e3 a6 4. Bxc4 e6 5. Nf3 c5 6. O-O Nf6 7. Bb3 Nbd7 8. e4
Nxe4 9. Re1 Nef6 (9... Ndf6 $6 10. Bc2 Qd5 11. Qe2 Nd6 12. Nc3 Qc6 13. Bf4 cxd4
14. Nxd4 $16 {Romanishin,O-Baburin,A/Linares/1996/1|0/25/}) (9... Nd6 10. d5 e5
11. Nxe5 Nxe5 12. Rxe5+ Be7 13. Qe1 b6 14. Re2 Ra7 15. Bg5 Bf5 16. Nc3 c4 17.
Bc2 Bxc2 18. Rxc2 O-O $10 {Yermolinsky,A-Lesiege,A/North Bay/1994/1|0/61/}) (
9... c4 $5 10. Bxc4 Nd6 11. Bb3 Be7 12. Nc3 O-O 13. Bf4 b5 14. Qe2 Re8 15. Rad1
Bf8 $13 {Garcia,R-Spangenberg,H/Lomas de Zamora/1995/0|1/36/}) 10. d5 Nb6 11.
dxe6 Bxe6 12. Qxd8+ Rxd8 13. Bxe6 fxe6 14. Ng5 c4 $5 (14... Rd7 15. Nxe6 Re7
16. Nc3 Kf7 17. Ng5+ Kg6 18. Rd1 $14) 15. Nc3 (15. Nxe6 Bb4 16. Nc3 Rd7 17.
Nxg7+ Kf7 18. Nf5 Na4 $36) (15. Rxe6+ Be7 $22 16. Rxb6 Rd1#) 15... Rd7 (15...
Bb4 16. Rxe6+ Kf8 17. Rxb6 Bxc3 18. Ne6+ $18) 16. Rxe6+ (16. Nxe6 Bb4 $13)
16... Re7 17. Be3 Nbd5 18. Nxd5 Nxd5 19. Bd4 h6 20. Rxe7+ Nxe7 (20... Bxe7 21.
Ne6 $16) 21. Ne6 Nf5 22. Rd1 b5 (22... Kf7 23. Nd8+ Kg6 24. Nxb7 $16) (22...
Nxd4 23. Rxd4 b5 24. Nc7+ Kf7 25. Rd8 g5 26. Nxa6 Bg7 27. Rxh8 Bxh8 28. b3 $16)
23. Bc3 (23. Nc7+ Kf7 24. Nxa6 Be7 $146) 23... b4 24. Be1 (24. Be5 $5 Kf7 25.
Nd8+ Kg6 26. g4 Nh4 27. Bg3 Nf3+ (27... Be7 28. Nc6 Bf6 29. Nxb4 $16) 28. Kg2
$16) 24... Be7 25. Nc7+ Kf7 26. Rd7 a5 27. Rd5 Kg6 28. Rxa5 Bf6 29. Rc5 Rd8 30.
Rxc4 Bxb2 31. Kf1 (31. Rxb4 Rd1 32. Kf1 Rxe1+ 33. Kxe1 Bc3+ $19) 31... Rd1 32.
Ke2 Ra1 33. Bxb4 Rxa2 34. Kf3 (34. Rc2 $4 Nd4+) (34. Bd2 $5) 34... Bd4 35. Be1
Ra1 36. Ke2 Ra2+ 37. Kf1 Ra1 38. Ke2 Ra2+ 39. Kf1 Ra1 40. Ne6 Bb6 41. Rc6 (41.
g4 Nh4 (41... Nd6 42. Rc6 Ba5 43. Rxd6 Rxe1+ 44. Kg2 $14) 42. Ke2 Ra2+ $10)
41... Ba5 42. Nd4+ Kf7 43. Nc2 Rc1 44. Ra6 Nd4 $1 (44... Bxe1 45. Nxe1 Nd4 46.
Ra2 $14) 45. Rxa5 Nxc2 46. Re5 Kf6 47. Re2 Nxe1 (47... h5 48. f3 g5 49. Kf2
Nxe1 50. Rxe1 Rc2+ 51. Re2 Rc4 $10) 48. Rxe1 Rc2 $10 49. g4 Rc4 50. h3 h5 51.
f3 hxg4 52. hxg4 g5 53. Kf2 Ra4 54. Rd1 Ra6 55. Rd4 Ra2+ 56. Ke3 Ra6 57. Ke4
Re6+ 58. Kd3 Ra6 59. Rc4 Kg6 60. Ke4 Rf6 61. Rc3 Rf4+ 62. Ke5 Kg7 63. Rd3 Kg6
64. Rc3 1/2-1/2

[Event "Odorheiu Secuiesc"]
[Site "Odorheiu Secuiesc"]
[Date "1993.??.??"]
[Round "8"]
[White "Marin, Mihail"]
[Black "Ibragimov, Ildar"]
[Result "1/2-1/2"]
[WhiteElo "2515"]
[BlackElo "2540"]
[Annotator "Chekhov,V"]
[PlyCount "66"]
[EventDate "1993.05.??"]
[EventType "tourn"]
[EventRounds "11"]
[EventCountry "ROU"]
[EventCategory "12"]
[SourceTitle "CBM 036"]
[Source "ChessBase"]
[SourceDate "1993.10.01"]
[SourceVersion "1"]
[SourceVersionDate "1993.10.01"]
[SourceQuality "1"]

1. d4 d5 2. c4 dxc4 3. e3 Nf6 4. Bxc4 e6 5. Nf3 c5 6. O-O a6 7. a4 Nc6 8. Qe2
cxd4 9. Rd1 Be7 10. exd4 O-O 11. Nc3 Nd5 12. Qe4 (12. Bb3 $5) (12. Bd3 $5)
12... Nf6 (12... Ncb4 13. Ne5 Qd6 14. Qg4 (14. Bd3 $6 f5 15. Qe2 Bf6 16. Bb1 b6
17. Ra3 Bb7 $15 {Marin,M-Garcia Palermo,C Zaragoza 1991 Inf 52/390/}) 14... f5
15. Qe2 b6 16. Bxd5 $1 Nxd5 17. Nc4 Nxc3 18. bxc3 Qc7 19. Ba3 $1 $14 {Marin,
M-Garcia-Palermo,C Andorra 1991/}) 13. Qe2 Nd5 14. Qe4 Nf6 15. Qh4 Nd5 16. Qg3
$5 $146 (16. Qg4 Nf6 17. Qg3 Nh5 18. Qh3 {Polugaevsky,L-Hort,V Manila 1976 Inf
22/576/}) 16... Kh8 (16... Bd6 $5 17. Qh3 (17. Qg4 $5) 17... e5 (17... Nf4 $5)
18. Qh5 Nf6 19. Qh4) 17. Bb3 (17. Bd3 $5) 17... Na5 18. Ba2 Nxc3 19. bxc3 Bd7
20. Bf4 Rc8 (20... Bxa4 $2 21. Bc7) 21. Bb1 $5 (21. Ng5 $5) 21... Rxc3 22. d5
exd5 (22... Bf6 $6 23. dxe6 fxe6 24. Qh3 h6 25. Qh5 $36) 23. Be5 Bf6 24. Bxc3
Bxc3 25. Ng5 $1 Bf6 (25... Bxa1 26. Qh4 h6 27. Nxf7+ $18) 26. Nxh7 Re8 (26...
Bxa1 27. Nxf8 $36) 27. Nxf6 Qxf6 28. Ra3 Nc4 29. Rf3 Qe7 30. h3 Kg8 (30... Bxa4
31. Rxd5 $1 Qe1+ (31... Bc6 32. Rh5+) 32. Kh2 Qxb1 33. Rxf7 $36) 31. Kh2 $6 (
31. Ba2 Bxa4 (31... Qe2 32. Bb3) 32. Rxd5) (31. Bc2 $5) 31... Bxa4 32. Rd4 (32.
Rxd5 Bc6 33. Rh5 Bxf3 34. Bh7+ Kf8 $19) 32... Qe5 33. Rdf4 $2 (33. Rfd3 $17)
33... Nd2 $19 {/\Nd2,Nf1 T/} 1/2-1/2

[Event "St Petersburg zt"]
[Site "St Petersburg"]
[Date "1993.??.??"]
[Round "6"]
[White "Balashov, Yuri S"]
[Black "Rublevsky, Sergei"]
[Result "1-0"]
[WhiteElo "2545"]
[BlackElo "2510"]
[Annotator "Chekhov,V"]
[PlyCount "71"]
[EventDate "1993.01.??"]
[EventType "swiss"]
[EventRounds "9"]
[EventCountry "RUS"]
[SourceTitle "CBM 034"]
[Source "ChessBase"]
[SourceDate "1993.06.01"]
[SourceVersion "1"]
[SourceVersionDate "1993.06.01"]
[SourceQuality "1"]

1. d4 d5 2. c4 dxc4 3. e3 Nf6 (3... e5 $5) 4. Bxc4 e6 5. Nf3 c5 6. O-O a6 7.
dxc5 Bxc5 (7... Qxd1 8. Rxd1 Bxc5 9. b3 (9. Nbd2 O-O 10. a3 b5 11. Be2 Bb7 12.
b4 Be7 13. Bb2 Nbd7 14. Rac1 Rfc8 15. Nb3 Rxc1 16. Rxc1 Rc8 17. Rxc8+ Bxc8 18.
Nfd4 $14 {Spassky,B-Fisher,R/Beograd (m-18)/1992/}) 9... Nbd7 10. Bb2 b5 11.
Be2 Bb7 12. Nbd2 O-O $5 (12... Ke7 13. a4 bxa4 14. Rxa4 Rhb8 15. Rc1 Bd5 16.
Ne5 $14 {Spassky,B-Fisher,R/Beograd (m-6)/1992/}) 13. Rac1 Rfc8 14. h3 Kf8 15.
Kf1 Ke7 16. Ne1 {Spassky,B-Fisher,R/Beograd (m-14)/1992/} Bb4 $1 17. a3 Rxc1
18. Bxc1 Bd6 $10 {Damljanovic}) 8. Qxd8+ Kxd8 9. b3 Nbd7 10. Bb2 b6 11. Nbd2
Bb7 12. Rfd1 $146 (12. Be2 Ke7 13. Ne1 b5 14. a4 Bb4 15. Ndf3 bxa4 16. Rxa4 Bd6
17. Nd3 Rhc8 18. Rfa1 Ne4 19. Bf1 Rab8 20. Ba3 g6 21. Nfe5 {0,5/Nikolic,
Pr-Ivanchuk,V/Manila ol/1992/}) 12... Ke7 13. Be2 Rhc8 (13... Rhd8 $1) 14. a3
b5 15. a4 bxa4 16. Rxa4 $16 Nb6 17. Rh4 h6 18. Ne5 a5 (18... Kf8 $142 {/\ Be7})
19. Nd3 $5 Ba6 20. Nxc5 Bxe2 21. Re1 Ba6 (21... Rxc5 $4 22. Ba3) 22. Ba3 Ke8
23. Nde4 Nxe4 24. Nxe4 Rc6 25. Nd6+ Ke7 26. e4 e5 27. Rd1 (27. Nf5+ Kf6 28. f4)
27... Kf6 (27... Ke6 28. Nf5 g6 29. Rxh6 $16) 28. f4 exf4 29. Rxf4+ Kg6 30.
Nxf7 Kh7 31. Ne5 Rc3 (31... Re6 32. Nd7 $18) 32. Rf3 Rac8 $142 (32... Rxf3) 33.
Rd6 Rxf3 34. gxf3 Rb8 35. Bc5 a4 36. Rxb6 1-0